| 000 | 01092cam a2200313 a 4500 | ||
|---|---|---|---|
| 003 | MX-MxUPN | ||
| 005 | 20240411110535.0 | ||
| 008 | 991125 sai 000 0 spa u | ||
| 035 | _aUPN01000041170 | ||
| 040 |
_aMX-MxUPN _bspa |
||
| 041 | 0 | _aspa | |
| 049 | _aLT | ||
| 050 | 4 |
_aLB1573 M6.3 _bT7.6 |
|
| 100 | 1 |
_aTrigo, José M. _951478 |
|
| 245 | 1 | 3 |
_aEl niño ilustrado, ó, Un paseo científico : _blibro tercero de lectura |
| 260 |
_aSaint Louis, Mo., E.U. de A. : _bSpanish - American Educational Co. : _c[189?] |
||
| 300 |
_a127 páginas : _bilustraciones |
||
| 490 | 0 | _aSeries de la educación moderna | |
| 500 | _aDatos tomados de la cubierta. | ||
| 506 | 0 | _aAcceso abierto. | |
| 530 | _aTambién disponible en línea. | ||
| 536 | _aLibros de texto digitalizados bajo el patrocinio del Instituto Georg-Eckert. | ||
| 650 | 4 |
_aLectura _xEstudio y enseñanza (Elemental) _92805 |
|
| 650 | 7 |
_aLibros de lectura _945583 |
|
| 856 | 4 | 0 | _uhttp://200.23.113.51/pdf/librosdetexto2/125311.pdf |
| 902 | _bVíctorGodínez/110424 | ||
| 905 | _aLibro | ||
| 942 |
_2lcc _cLIBRO |
||
| 999 |
_c41170 _d41170 |
||